000 00606nam a22001817a 4500
003 UA-OsUOA
001 15920
007 ta
008 20031212b un ||||| |||| 00| 0 ukr d
100 _aМендак В.
942 _cSA
040 _aUA-OsUOA
_cUA-OsUOA
_dUA-OsUOA
245 _aІнша мова - новий всесвіт: [Про роботу вчителів англ. мови Радивилів. ЗНЗ №2]
300 _aС.3
955 _a0
773 0 _w0
_tПрапор перемоги
_dРадивилів
_d2003
_g№90/ 11 листоп./
650 7 _aКраєзнавча робота
_2UDC
999 _c302085
_d302085